Drapeaux du monde en Emojis - Statistiques

Statistiques générales
  • Ce quiz a été pris 59 fois
  • Le résultat moyen est 120 sur 245
Statistiques - réponses
Par images Réponse % Correct
France
100%
Irlande
93%
Mexique
89%
Pays de Galles
89%
Canada
86%
Italie
86%
Albanie
82%
Israël
82%
Liban
82%
Pologne
82%
Argentine
79%
Chypre
79%
Géorgie
79%
Grèce
79%
Qatar
79%
Roumanie
79%
Suisse
79%
Ukraine
79%
Algérie
75%
Allemagne
75%
Brésil
75%
Bulgarie
75%
Colombie
75%
Corée du Sud
75%
Équateur
75%
Espagne
75%
États-Unis-d'Amérique
75%
Inde
75%
Jamaïque
75%
Luxembourg
75%
Malte
75%
Maroc
75%
Monaco
75%
Norvège
75%
Pays-Bas
75%
Portugal
75%
Tunisie
75%
Belgique
71%
Croatie
71%
Égypte
71%
Estonie
71%
Japon
71%
Kenya
71%
Népal
71%
Russie
71%
Suède
71%
Afrique du Sud
68%
Australie
68%
Corée du Nord
68%
Macédoine du Nord
68%
Mayotte
68%
Nigeria
68%
Ouganda
68%
Sénégal
68%
Seychelles
68%
Slovaquie
68%
Slovénie
68%
Tchéquie
68%
Turquie
68%
Andorre
64%
Arabie Saoudite
64%
Biélorussie
64%
Cambodge
64%
Chili
64%
Côte d'Ivoire
64%
Ethiopie
64%
Finlande
64%
Irak
64%
Islande
64%
Nouvelle-Zélande
64%
Palestine
64%
République Démocratique du Congo
64%
Uruguay
64%
Vatican
64%
Bangladesh
61%
Bhoutan
61%
Danemark
61%
Écosse
61%
Indonésie
61%
Laos
61%
Lettonie
61%
Madagascar
61%
Pérou
61%
Serbie
61%
Sri Lanka
61%
Tanzanie
61%
Vietnam
61%
Angleterre
57%
Angola
57%
Bahamas
57%
Bosnie-Herzégovine
57%
Eswatini
57%
Gabon
57%
Iran
57%
Kosovo
57%
Liberia
57%
Liechtenstein
57%
Mauritanie
57%
Pakistan
57%
Panama
57%
Papouasie-Nouvelle-Guinée
57%
Philippines
57%
Thaïlande
57%
Venezuela
57%
Bélize
54%
Burundi
54%
Cameroun
54%
Hongrie
54%
Kazakhstan
54%
Malaisie
54%
Monténégro
54%
Mozambique
54%
République Centrafricaine
54%
République du Congo
54%
Saint Marin
54%
Singapour
54%
Somalie
54%
Togo
54%
Turkménistan
54%
Arménie
50%
Barbade
50%
Botswana
50%
Brunei
50%
Burkina Faso
50%
Cuba
50%
Dominique
50%
Île Maurice
50%
Lituanie
50%
Malawi
50%
Mali
50%
Mongolie
50%
Namibie
50%
Ouzbékistan
50%
République Dominicaine
50%
Saint-Vincent et les Grenadines
50%
Sao Tomé-et-Principe
50%
Sierra Leone
50%
Taïwan
50%
Tchad
50%
Antigua-et-Barbuda
46%
Cap Vert
46%
Emirats Arabes Unis
46%
Ghana
46%
Grenade
46%
Haïti
46%
Honduras
46%
Kirghizistan
46%
Lesotho
46%
Micronésie
46%
Moldavie
46%
Nauru
46%
Palaos
46%
Sainte Lucie
46%
Syrie
46%
Zambie
46%
Afghanistan
43%
Azerbaïdjan
43%
Comores
43%
Costa Rica
43%
Djibouti
43%
Érythrée
43%
Guatemala
43%
Guinée Équatoriale
43%
Libye
43%
Nicaragua
43%
Niger
43%
Tonga
43%
Tuvalu
43%
Yémen
43%
Zimbabwe
43%
Bénin
39%
Birmanie
39%
Bolivie
39%
Guinée Bissau
39%
Île de la Réunion
39%
Îles Salomon
39%
Kiribati
39%
Koweït
39%
Maldives
39%
Oman
39%
Royaume-Unis
39%
Rwanda
39%
Suriname
39%
Trinité-et-Tobago
39%
Fidji
36%
Gambie
36%
Groenland
36%
Guinée
36%
Guyana
36%
Hong Kong
36%
Jordanie
36%
Paraguay
36%
Porto Rico
36%
Tadjikistan
36%
Vanuatu
36%
Bahreïn
32%
Îles Féroé
32%
Îles Marshall
32%
Saint-Christophe-et-Niévès
32%
Samoa
32%
Soudan
32%
Timor Oriental
32%
Gibraltar
29%
Soudan du Sud
29%
El Salvador
25%
Île de Man
25%
Nouvelle-Calédonie
25%
Îles Cook
21%
Polynésie française
21%
Guadeloupe
18%
Guam
18%
Îles Åland
18%
Antarctique
14%
Curaçao
14%
Macao
14%
Sahara Occidental
14%
Saint-Pierre-et-Miquelon
14%
Anguilla
11%
Îles Cocos
11%
Jersey
11%
Martinique
11%
Montserrat
11%
Niue
11%
Terres australes et antarctiques françaises
11%
Wallis-et-Futuna
11%
Bonaire
7%
Guernesey
7%
Guyane Française
7%
Îles Canaries
7%
Îles Mariannes du Nord
7%
Îles Turques-et-Caïques
7%
Îles Vierges Britanniques
7%
Saint-Martin
7%
Bermudes
4%
Géorgie du Sud-et-les îles Sandwich du Sud
4%
Île Christmas
4%
Île Norfolk
4%
Îles Caïmans
4%
Îles Malouines
4%
Îles Pitcairn
4%
Îles Vierges des États-Unis
4%
Sainte-Hélène
4%
Saint-Barthélemy
0%
Territoire britannique de l'océan Indien
0%
Tokelau
0%
Aucun quiz correspondant
Distribution des résultats
% des personnes avec chaque résultat
Percentile par nombre de réponses
Votre historique - résultats
Vous n’avez pas pris ce quiz